[Event "Tom Weston Open Major"]
[Site "Cardiff"]
[Date "2018.04.02"]
[Round "6.19"]
[White "Evans, James"]
[Black "Govindaraj, Neya"]
[Result "1-0"]
[WhiteElo "1542"]
[BlackElo "1325"]
[PlyCount "99"]
[EventDate "2018.03.30"]
[EventType "swiss"]
[EventRounds "7"]
[EventCountry "WLS"]
[SourceDate "2018.03.30"]

1. e4 d6 2. d4 g6 3. f4 Nf6 4. Nc3 Bg7 5. Nf3 c5 6. dxc5 Qa5 7. Bd2 Qxc5 8. Bd3
O-O 9. Qe2 Nbd7 10. O-O-O a6 11. h3 b5 12. g4 b4 13. Na4 Qc6 14. b3 a5 15. e5
dxe5 16. fxe5 Nd5 17. Bg5 Nc5 18. Bb5 Ba6 19. Bxc6 Bxe2 20. Bxa8 Rxa8 21. Rxd5
Bxf3 22. Rxc5 Bxh1 23. Bxe7 h5 24. gxh5 gxh5 25. h4 Bh6+ 26. Kb1 Be3 27. Rc7
Bd4 28. Bf6 Kf8 29. Rd7 Bf2 30. Nb2 Bc6 31. Rd6 Bb5 32. Nc4 Bxc4 33. bxc4 Rc8
34. Kb2 Re8 35. Kb3 Bc5 36. Rd8 Rxd8 37. Bxd8 Be7 38. Bxe7+ Kxe7 39. Ka4 Ke6
40. Kxa5 Kxe5 41. Kxb4 f5 42. Kc3 Ke4 43. c5 Ke3 44. c6 f4 45. c7 f3 46. c8=Q
f2 47. Qf5 Ke2 48. Qxh5+ Kf1 49. Qf5 Kg2 50. Qxf2+ 1-0

[Event "Tom Weston Open Major"]
[Site "Cardiff"]
[Date "2018.04.02"]
[Round "7.1"]
[White "Jukes, Sam"]
[Black "Evans, Nicholas Thomas"]
[Result "0-1"]
[WhiteElo "1760"]
[BlackElo "1860"]
[PlyCount "64"]
[EventDate "2018.03.30"]
[EventType "swiss"]
[EventRounds "7"]
[EventCountry "WLS"]
[SourceDate "2018.03.30"]

1. e4 e5 2. Nf3 Nc6 3. Bc4 Bc5 4. c3 Nf6 5. d3 d6 6. Bb3 h6 7. O-O O-O 8. Nbd2
a6 9. Re1 Be6 10. Bc2 Ng4 11. Re2 Bxf2+ 12. Rxf2 Ne3 13. Qe2 Nxc2 14. Rb1 Bxa2
15. b3 Bxb1 16. Nxb1 N2d4 17. cxd4 Nxd4 18. Nxd4 exd4 19. Qg4 Qc8 20. Rf5 Qe6
21. Qh4 a5 22. Nd2 a4 23. Nf3 c5 24. Rh5 axb3 25. Bxh6 b2 26. Bxg7 b1=Q+ 27.
Kf2 Ra2+ 28. Kg3 Qg6+ 29. Rg5 Kxg7 30. Rxg6+ fxg6 31. Qe7+ Rf7 32. Qxd6 Rxf3+
0-1

[Event "Tom Weston Open Major"]
[Site "Cardiff"]
[Date "2018.04.02"]
[Round "7.2"]
[White "Gibbs, Dominic V"]
[Black "Timmins, Chris P"]
[Result "1-0"]
[WhiteElo "1869"]
[BlackElo "1844"]
[PlyCount "81"]
[EventDate "2018.03.30"]
[EventType "swiss"]
[EventRounds "7"]
[EventCountry "WLS"]
[SourceDate "2018.03.30"]

1. e4 e5 2. Nf3 Nc6 3. Bb5 a6 4. Ba4 d6 5. Bxc6+ bxc6 6. d4 f6 7. O-O Ne7 8.
Be3 Ng6 9. c3 Be7 10. Qb3 Bd7 11. Nbd2 Rb8 12. Qc2 O-O 13. Ne1 d5 14. f3 Kh8
15. Nd3 Bd6 16. Nc5 Bc8 17. Ndb3 f5 18. dxe5 Nxe5 19. exd5 f4 20. Bf2 Bf5 21.
Qd2 Qg5 22. Kh1 Qh5 23. Bg1 Nc4 24. Qf2 cxd5 25. Nxa6 Rbe8 26. Nb4 Ne3 27. Rfe1
c5 28. Na6 Re6 29. Naxc5 Rg6 30. Rxe3 fxe3 31. Qe2 Rh6 32. g4 Qh3 33. gxf5 Rxf5
34. Rf1 Rhf6 35. Nd4 Re5 36. Nd3 Re8 37. Ne1 Rh6 38. Rf2 Qh5 39. Rg2 Qe5 40.
Nec2 Rh5 41. f4 1-0

[Event "Tom Weston Open Major"]
[Site "Cardiff"]
[Date "2018.04.02"]
[Round "7.3"]
[White "Pearson, Raymond"]
[Black "McGregor, John"]
[Result "0-1"]
[WhiteElo "1898"]
[BlackElo "1835"]
[PlyCount "76"]
[EventDate "2018.03.30"]
[EventType "swiss"]
[EventRounds "7"]
[EventCountry "WLS"]
[SourceDate "2018.03.30"]

1. c4 Nf6 2. Nc3 d5 3. cxd5 Nxd5 4. g3 Nxc3 5. bxc3 g6 6. Bg2 Bg7 7. Rb1 c6 8.
Nf3 O-O 9. O-O Qa5 10. Qc2 b6 11. d4 Qh5 12. Ba3 Re8 13. e4 Bh3 14. Bxh3 Qxh3
15. e5 Qc8 16. Rfe1 e6 17. Qe4 Qa6 18. Bd6 Bf8 19. Bxf8 Kxf8 20. Qf4 Nd7 21.
Ng5 Re7 22. Nxh7+ Ke8 23. Qh4 Kd8 24. Re4 Qxa2 25. Rf1 Qa3 26. c4 Kc7 27. Qf4
Rh8 28. Ng5 Rf8 29. d5 Ree8 30. d6+ Kb8 31. Re3 Qc5 32. Ra1 f6 33. exf6 Rxf6
34. Ne4 Qd4 35. Qxf6 Nxf6 36. Rea3 Nxe4 37. Rxa7 Qxf2+ 38. Kh1 Nxg3+ 0-1

[Event "Tom Weston Open Major"]
[Site "Cardiff"]
[Date "2018.04.02"]
[Round "7.4"]
[White "Bevan, Peter M"]
[Black "Ray, Hiya"]
[Result "1/2-1/2"]
[WhiteElo "1916"]
[BlackElo "1581"]
[PlyCount "53"]
[EventDate "2018.03.30"]
[EventType "swiss"]
[EventRounds "7"]
[EventCountry "WLS"]
[SourceDate "2018.03.30"]

1. c4 Nf6 2. g3 e6 3. Nf3 d5 4. Bg2 c5 5. cxd5 exd5 6. d4 Nc6 7. Nc3 Bg4 8. Ne5
Nxe5 9. dxe5 d4 10. Bxb7 Rb8 11. Bc6+ Bd7 12. Bxd7+ Nxd7 13. Ne4 Nxe5 14. Qa4+
Qd7 15. Qxd7+ Kxd7 16. Bf4 Bd6 17. b3 Rhe8 18. O-O f5 19. Nxd6 Kxd6 20. Rfd1
Kc6 21. Rac1 Rbd8 22. b4 Rd5 23. Rxc5+ Rxc5 24. bxc5 Kxc5 25. Rc1+ Nc4 26. Kf1
Re6 27. Bg5 1/2-1/2

[Event "Tom Weston Open Major"]
[Site "Cardiff"]
[Date "2018.04.02"]
[Round "7.5"]
[White "Thomas, Roy"]
[Black "Stuart, Neil"]
[Result "1-0"]
[WhiteElo "1701"]
[BlackElo "1737"]
[PlyCount "41"]
[EventDate "2018.03.30"]
[EventType "swiss"]
[EventRounds "7"]
[EventCountry "WLS"]
[SourceDate "2018.03.30"]

1. f4 Nf6 2. Nf3 d5 3. e3 g6 4. Be2 Bg7 5. O-O O-O 6. d3 c5 7. Nc3 Nc6 8. e4
dxe4 9. dxe4 Bg4 10. e5 Nd7 11. h3 Bxf3 12. Bxf3 Rb8 13. Be3 Qc8 14. Rf2 g5 15.
Be4 gxf4 16. Qh5 f5 17. Bd5+ Kh8 18. Rxf4 Ncxe5 19. Rh4 h6 20. Bxh6 Qe8 21.
Bxg7+ 1-0

[Event "Tom Weston Open Major"]
[Site "Cardiff"]
[Date "2018.04.02"]
[Round "7.6"]
[White "Hunt, Bill"]
[Black "Yeo, Gareth"]
[Result "0-1"]
[WhiteElo "1603"]
[BlackElo "1946"]
[PlyCount "74"]
[EventDate "2018.03.30"]
[EventType "swiss"]
[EventRounds "7"]
[EventCountry "WLS"]
[SourceDate "2018.03.30"]

1. e4 c5 2. c3 e6 3. d4 d5 4. Bd3 Nc6 5. Nf3 cxd4 6. cxd4 Bb4+ 7. Nc3 dxe4 8.
Bxe4 Nf6 9. Bxc6+ bxc6 10. O-O O-O 11. Bg5 h6 12. Bh4 Be7 13. Qa4 Qb6 14. Rab1
c5 15. dxc5 Qxc5 16. Bxf6 Bxf6 17. Ne4 Qf5 18. Nd6 Qg6 19. b4 e5 20. Nxc8 Rfxc8
21. Rbd1 e4 22. Nd4 Rc4 23. Nb5 a5 24. Rb1 Be7 25. Na3 Rxb4 26. Rxb4 Bxb4 27.
Nc2 Bd6 28. Ne3 f5 29. Qb3+ Kh7 30. Qd5 Rf8 31. Nc4 Bc7 32. Nxa5 Bxa5 33. Qxa5
f4 34. Qc5 f3 35. g3 Qg4 36. Kh1 Rf5 37. Qd4 Qh3 0-1

[Event "Tom Weston Open Major"]
[Site "Cardiff"]
[Date "2018.04.02"]
[Round "7.7"]
[White "McIntosh, Rachel"]
[Black "James, Dai"]
[Result "1/2-1/2"]
[WhiteElo "1453"]
[BlackElo "1850"]
[PlyCount "63"]
[EventDate "2018.03.30"]
[EventType "swiss"]
[EventRounds "7"]
[EventCountry "WLS"]
[SourceDate "2018.03.30"]

1. e4 e5 2. Nf3 Nc6 3. d4 exd4 4. Nxd4 Bc5 5. Be3 Qf6 6. c3 Nge7 7. Bc4 O-O 8.
O-O Bb6 9. Na3 Ne5 10. f4 Nxc4 11. Nxc4 d5 12. Nxb6 axb6 13. exd5 Nxd5 14. Qf3
Nxe3 15. Qxe3 Bd7 16. Rfe1 Rfe8 17. Qf2 Bc6 18. a3 h5 19. Nxc6 Qxc6 20. Rad1
Rxe1+ 21. Rxe1 Re8 22. Rxe8+ Qxe8 23. h3 Qe4 24. Qd2 Kh7 25. Kf2 Kg6 26. Qe3
Qc2+ 27. Qe2 Qxe2+ 28. Kxe2 Kf5 29. Ke3 h4 30. Kf3 b5 31. b3 c5 32. c4 1/2-1/2

[Event "Tom Weston Open Major"]
[Site "Cardiff"]
[Date "2018.04.02"]
[Round "7.9"]
[White "Burrows, Mike"]
[Black "Summers, Charles"]
[Result "1/2-1/2"]
[WhiteElo "1544"]
[BlackElo "1901"]
[PlyCount "107"]
[EventDate "2018.03.30"]
[EventType "swiss"]
[EventRounds "7"]
[EventCountry "WLS"]
[SourceDate "2018.03.30"]

1. d4 c6 2. c4 d6 3. Nc3 Qc7 4. Nf3 Bg4 5. e3 Nd7 6. h3 Bh5 7. Be2 e5 8. Qc2
Ngf6 9. Nd2 Bxe2 10. Nxe2 g6 11. b3 Bg7 12. Bb2 O-O 13. O-O Rfe8 14. Rac1 Rac8
15. Rfe1 Qb8 16. Qb1 e4 17. Nc3 d5 18. a4 Bf8 19. Qa1 a6 20. Ba3 Bd6 21. Ne2
Nf8 22. Qb2 Qc7 23. Nc3 Qe7 24. c5 Bb8 25. Ne2 Qc7 26. Nf1 Ne6 27. Qd2 h5 28.
b4 h4 29. b5 g5 30. Bb4 g4 31. Ba5 Qd7 32. Nf4 Ng5 33. Qe2 gxh3 34. Nh2 hxg2
35. Kxg2 Bxf4 36. exf4 Qh3+ 37. Kg1 Nf3+ 38. Nxf3 exf3 39. Qf1 Qg4+ 40. Kh1 Kh8
41. Bd2 Ne4 42. Be3 Rg8 43. Qg1 Qh5 44. Qh2 Rg2 45. Qh3 f5 46. Rg1 Rcg8 47.
Rxg2 fxg2+ 48. Kg1 Nc3 49. Re1 Ne2+ 50. Rxe2 Qxe2 51. Qxh4+ Kg7 52. Qg5+ Kh7
53. Qh4+ Kg6 54. Qg5+ 1/2-1/2

[Event "Tom Weston Open Major"]
[Site "Cardiff"]
[Date "2018.04.02"]
[Round "7.10"]
[White "Morgans, Justin"]
[Black "Christmas, Steve"]
[Result "1/2-1/2"]
[WhiteElo "1623"]
[BlackElo "1841"]
[PlyCount "81"]
[EventDate "2018.03.30"]
[EventType "swiss"]
[EventRounds "7"]
[EventCountry "WLS"]
[SourceDate "2018.03.30"]

1. d4 Nf6 2. c4 e6 3. Nc3 Bb4 4. Qc2 d5 5. Bg5 h6 6. Bh4 O-O 7. e3 Nbd7 8. Nf3
c5 9. O-O-O Qa5 10. Nd2 Bxc3 11. bxc3 b5 12. Nb3 Qa3+ 13. Qb2 Qxb2+ 14. Kxb2
bxc4 15. Bxf6 gxf6 16. Nxc5 Rb8+ 17. Kc2 Nxc5 18. dxc5 Rb5 19. Be2 Rxc5 20. Rb1
Ra5 21. Rb2 e5 22. e4 Be6 23. exd5 Bxd5 24. f3 f5 25. Rd1 Be6 26. Rd6 Rc8 27.
g3 Kf8 28. f4 Ke7 29. Rd2 Rc7 30. Kd1 e4 31. Rd4 Ra3 32. Kc2 Ra6 33. h3 Rb6 34.
Rb4 Ra6 35. a4 Rac6 36. Kd2 Rd6 37. Rxd6 Kxd6 38. g4 fxg4 39. hxg4 f5 40. gxf5
Bxf5 41. Rxc4 1/2-1/2

[Event "Tom Weston Open Major"]
[Site "Cardiff"]
[Date "2018.04.02"]
[Round "7.11"]
[White "White, Ernest M"]
[Black "Jansen Van Rensburg, Leon"]
[Result "1-0"]
[WhiteElo "1830"]
[BlackElo "1497"]
[PlyCount "69"]
[EventDate "2018.03.30"]
[EventType "swiss"]
[EventRounds "7"]
[EventCountry "WLS"]
[SourceDate "2018.03.30"]

1. e4 d6 2. g3 Nf6 3. Bg2 g6 4. d4 Bg7 5. Ne2 Nbd7 6. O-O c5 7. c4 cxd4 8. Nxd4
O-O 9. Nc3 Rb8 10. h3 b6 11. Nc6 Qc7 12. Nxb8 Qxb8 13. Be3 Ne5 14. b3 Bd7 15.
Rc1 Qc8 16. Nd5 Nxd5 17. cxd5 Qa6 18. Rc7 Bb5 19. a4 Bd3 20. Re1 Rc8 21. Rxc8+
Qxc8 22. Qd2 f5 23. f4 fxe4 24. fxe5 Bxe5 25. Qf2 Kg7 26. Bd4 Bf6 27. Bxf6+
exf6 28. Kh2 f5 29. Qf4 Qc3 30. Rc1 Qb2 31. Rc7+ Kf6 32. Qxd6+ Kg5 33. Qf4+ Kf6
34. Qd6+ Kg5 35. h4+ 1-0

[Event "Tom Weston Open Major"]
[Site "Cardiff"]
[Date "2018.04.02"]
[Round "7.12"]
[White "Servini, Mike"]
[Black "Fox, Chris"]
[Result "1-0"]
[WhiteElo "1660"]
[BlackElo "1669"]
[PlyCount "23"]
[EventDate "2018.03.30"]
[EventType "swiss"]
[EventRounds "7"]
[EventCountry "WLS"]
[SourceDate "2018.03.30"]

1. d4 Nf6 2. Nf3 d5 3. Bg5 Nbd7 4. Nbd2 e6 5. e3 Be7 6. Bd3 O-O 7. O-O b6 8. c3
Bb7 9. Qa4 c5 10. Ne5 Nxe5 11. dxe5 Nd7 12. Qh4 1-0

[Event "Tom Weston Open Major"]
[Site "Cardiff"]
[Date "2018.04.02"]
[Round "7.13"]
[White "Fraser, Susanna"]
[Black "Bridges, Paul"]
[Result "1/2-1/2"]
[WhiteElo "1486"]
[BlackElo "1804"]
[PlyCount "58"]
[EventDate "2018.03.30"]
[EventType "swiss"]
[EventRounds "7"]
[EventCountry "WLS"]
[SourceDate "2018.03.30"]

1. d4 d5 2. c4 e6 3. Nf3 c6 4. g3 Bd6 5. Bg2 Nd7 6. O-O f5 7. c5 Bc7 8. Bg5
Ngf6 9. Qd2 O-O 10. Nc3 Qe8 11. Bf4 e5 12. Nxe5 Bxe5 13. dxe5 Nxe5 14. Qd4 Nf7
15. Bh3 Nh5 16. Rfe1 Nxf4 17. Qxf4 Qe5 18. Qxe5 Nxe5 19. f4 Nd7 20. Rac1 g6 21.
Nd1 Re8 22. Nf2 a5 23. a4 Nf6 24. Bg2 Be6 25. e3 Re7 26. Rcd1 Rae8 27. Nd3 Bf7
28. Ne5 Nd7 29. Nxd7 Rxd7 1/2-1/2

[Event "Tom Weston Open Major"]
[Site "Cardiff"]
[Date "2018.04.02"]
[Round "7.14"]
[White "Di-Vetta, Andrew"]
[Black "Hurn, Robert AJ"]
[Result "0-1"]
[WhiteElo "1691"]
[BlackElo "1593"]
[PlyCount "110"]
[EventDate "2018.03.30"]
[EventType "swiss"]
[EventRounds "7"]
[EventCountry "WLS"]
[SourceDate "2018.03.30"]

1. Nf3 Nf6 2. c4 e6 3. g3 d5 4. cxd5 exd5 5. Bg2 c6 6. O-O Bd6 7. d4 Bf5 8. Nc3
Nbd7 9. Nh4 Be6 10. f4 Nb6 11. f5 Bd7 12. e4 dxe4 13. Nxe4 Nxe4 14. Bxe4 O-O
15. Qg4 Qf6 16. Nf3 Rfe8 17. Bg5 Rxe4 18. Qxe4 Bxf5 19. Bxf6 Bxe4 20. Be5 Bf8
21. Nd2 Bd5 22. b3 Bb4 23. Rad1 Re8 24. Kf2 f6 25. Bc7 Na8 26. Bf4 Nb6 27. Rfe1
Rf8 28. g4 Bc3 29. Be3 f5 30. gxf5 Rxf5+ 31. Kg3 Rf6 32. Rf1 Rg6+ 33. Kh4 Bb4
34. Rg1 Be7+ 35. Bg5 Rh6+ 36. Kg4 Be6+ 37. Kf3 Bd5+ 38. Ke3 Rh3+ 39. Ke2 Rxh2+
40. Kd3 Rh3+ 41. Kc2 Bb4 42. Bf6 g6 43. Rgf1 Be6 44. Rde1 Bf5+ 45. Kd1 Bg4+ 46.
Kc2 Bf5+ 47. Kd1 Nd5 48. Rxf5 gxf5 49. Rg1+ Kf7 50. Bg5 Nc3+ 51. Kc2 Nxa2 52.
Nc4 Nc3 53. Ne5+ Ke6 54. Bf4 Ne2 55. Rf1 Nxd4+ 0-1

[Event "Tom Weston Open Major"]
[Site "Cardiff"]
[Date "2018.04.02"]
[Round "7.15"]
[White "Larg, Richard"]
[Black "Evans, James"]
[Result "1/2-1/2"]
[WhiteElo "1680"]
[BlackElo "1542"]
[PlyCount "64"]
[EventDate "2018.03.30"]
[EventType "swiss"]
[EventRounds "7"]
[EventCountry "WLS"]
[SourceDate "2018.03.30"]

1. d4 Nf6 2. c4 e6 3. Nc3 d5 4. e3 Be7 5. Bd3 O-O 6. Nf3 dxc4 7. Bxc4 c5 8. O-O
Nc6 9. dxc5 Bxc5 10. Qxd8 Rxd8 11. Rd1 Rxd1+ 12. Nxd1 a6 13. a3 b5 14. Ba2 Bb7
15. b4 Ba7 16. Bb2 Rd8 17. Bxf6 gxf6 18. Ne1 Ne5 19. Nc3 Rd2 20. Rd1 Rxd1 21.
Nxd1 Be4 22. Nc3 Bg6 23. Bb1 Nc4 24. Bxg6 fxg6 25. Nb1 e5 26. Kf1 Kf7 27. Ke2
Ke6 28. Nc2 f5 29. g3 e4 30. Nc3 Bb8 31. Nd4+ Kf6 32. Nc2 Be5 1/2-1/2

[Event "Tom Weston Open Major"]
[Site "Cardiff"]
[Date "2018.04.02"]
[Round "7.17"]
[White "Harle, Bill"]
[Black "Probert, Malcolm"]
[Result "1/2-1/2"]
[WhiteElo "1782"]
[BlackElo "1620"]
[PlyCount "68"]
[EventDate "2018.03.30"]
[EventType "swiss"]
[EventRounds "7"]
[EventCountry "WLS"]
[SourceDate "2018.03.30"]

1. d4 g6 2. g3 Bg7 3. Bg2 d6 4. e3 Nd7 5. Ne2 e5 6. O-O f5 7. c4 Ngf6 8. Nbc3
c6 9. b3 e4 10. Ba3 Qe7 11. Qc2 O-O 12. Rad1 a6 13. Qc1 b6 14. Nf4 g5 15. Nfe2
Bb7 16. f3 c5 17. d5 exf3 18. Bxf3 Rae8 19. Bg2 Ng4 20. e4 f4 21. gxf4 gxf4 22.
Rxf4 Rxf4 23. Qxf4 Qh4 24. h3 Nde5 25. Bb2 Rf8 26. Qg3 Qxg3 27. Nxg3 Nf2 28.
Rf1 Ned3 29. Ba1 Bd4 30. Kh2 Be5 31. Nce2 Bxa1 32. Rxa1 Bc8 33. Rg1 Ne5 34. Nh1
Nfd3 1/2-1/2

[Event "Tom Weston Open Major"]
[Site "Cardiff"]
[Date "2018.04.02"]
[Round "7.18"]
[White "Camp, Syringa Lyn"]
[Black "Williams, Stephen"]
[Result "0-1"]
[WhiteElo "1676"]
[BlackElo "1683"]
[PlyCount "116"]
[EventDate "2018.03.30"]
[EventType "swiss"]
[EventRounds "7"]
[EventCountry "WLS"]
[SourceDate "2018.03.30"]

1. e4 c6 2. d4 d5 3. exd5 cxd5 4. Bb5+ Nc6 5. Nf3 a6 6. Bxc6+ bxc6 7. O-O Bg4
8. h3 Bh5 9. Nbd2 Nf6 10. Qe1 Qc7 11. Qe5 Rc8 12. c3 e6 13. Qxc7 Rxc7 14. Ne5
Bd6 15. b4 O-O 16. Ndf3 Ne4 17. Bb2 f6 18. Nd3 Bxf3 19. gxf3 Nd2 20. Rfd1 Nxf3+
21. Kg2 Nh4+ 22. Kf1 e5 23. Nc5 Bxc5 24. dxc5 Rb8 25. a3 Rd7 26. Rd3 e4 27. Rd2
Nf3 28. Re2 f5 29. Rd1 Rbd8 30. Bc1 d4 31. Bf4 d3 32. Re3 g5 33. Rxf3 exf3 34.
Bxg5 Re8 35. Be3 Re4 36. Kg1 Rg7+ 37. Kf1 Rd7 38. Bd4 Rexd4 39. cxd4 Rxd4 40.
Kg1 Kf7 41. Kh2 f4 42. Rd2 Ke6 43. a4 Kd5 44. b5 Kxc5 45. bxa6 Kb6 46. a7 Kxa7
47. h4 h5 48. Kg1 c5 49. Kf1 c4 50. Ke1 c3 51. Ra2 Re4+ 52. Kd1 Re2 53. Ra3 c2+
54. Kc1 Re1+ 55. Kd2 c1=Q+ 56. Kxd3 Qxa3+ 57. Kd2 Re2+ 58. Kd1 Qa1# 0-1

[Event "Tom Weston Open Major"]
[Site "Cardiff"]
[Date "2018.04.02"]
[Round "7.19"]
[White "White, Sam"]
[Black "Govindaraj, Neya"]
[Result "1/2-1/2"]
[WhiteElo "1567"]
[BlackElo "1325"]
[PlyCount "120"]
[EventDate "2018.03.30"]
[EventType "swiss"]
[EventRounds "7"]
[EventCountry "WLS"]
[SourceDate "2018.03.30"]

1. d4 g6 2. c3 Bg7 3. Bf4 d6 4. Nf3 Nf6 5. e3 O-O 6. Bc4 a6 7. O-O b5 8. Bb3
Bb7 9. Nbd2 Nbd7 10. Re1 c5 11. Rc1 d5 12. Bc2 Re8 13. h3 Qb6 14. Ne5 Nxe5 15.
Bxe5 Nd7 16. Bxg7 Kxg7 17. Nf3 e5 18. b4 cxd4 19. cxd4 e4 20. Nd2 a5 21. a3
axb4 22. axb4 Nb8 23. Nb3 Nc6 24. Qd2 Ra4 25. Nc5 Rxb4 26. Ra1 Ra8 27. Bb3 Rxa1
28. Rxa1 Rxb3 29. Nxb3 Bc8 30. Qc3 Be6 31. Nc5 Bc8 32. Nxe4 b4 33. Qb2 Bf5 34.
Nc5 Kh6 35. Qa2 Ne7 36. Qa8 Kg7 37. Ra7 Qd6 38. Ra6 Qc7 39. Ra7 Qd6 40. Nb7 Qe6
41. Nd8 Qd6 42. Rxe7 Qxe7 43. Qxd5 Qd7 44. Qa8 Kg8 45. Qb8 Qc8 46. Qxb4 Qxd8
47. Qc5 Be4 48. Qe5 Qd5 49. Qxd5 Bxd5 50. f3 f5 51. Kf2 Kf7 52. g4 Kf6 53. Kg3
h5 54. gxh5 gxh5 55. Kf4 Bc4 56. h4 Bd5 57. e4 Bb7 58. e5+ Ke6 59. Ke3 Bd5 60.
Kf4 Bb7 1/2-1/2

[Event "Tom Weston Open Major"]
[Site "Cardiff"]
[Date "2018.04.02"]
[Round "7.20"]
[White "Cox, John"]
[Black "O'Rourke, Kevin"]
[Result "1-0"]
[WhiteElo "1443"]
[BlackElo "1270"]
[PlyCount "43"]
[EventDate "2018.03.30"]
[EventType "swiss"]
[EventRounds "7"]
[EventCountry "WLS"]
[SourceDate "2018.03.30"]

1. e4 e5 2. Nf3 d6 3. d4 exd4 4. Nxd4 Nf6 5. Nc3 Bd7 6. Be2 a6 7. a4 c5 8. Nf3
Nc6 9. O-O Bg4 10. Bf4 Nh5 11. Bg3 Nxg3 12. hxg3 Bxf3 13. Bxf3 Ne5 14. b3 Qf6
15. Nd5 Nxf3+ 16. Qxf3 Qd8 17. Rfe1 Qa5 18. e5 O-O-O 19. exd6 Bxd6 20. Ne7+
Bxe7 21. Rxe7 Rhe8 22. Qxb7# 1-0